[Event "SRB Central-ch op-B 5th"]
[Site "Paracin"]
[Date "2012.07.12"]
[Round "8"]
[White "Popovic, Milan S"]
[Black "Stefanov, Evtim"]
[Result "1-0"]
[WhiteElo "2083"]
[BlackElo "1969"]
[PlyCount "91"]
[EventDate "2012.07.06"]
[EventType "swiss"]
[EventRounds "9"]
[EventCountry "SRB"]
[SourceTitle "CBM 149 Extra"]
[Source "ChessBase"]
[SourceDate "2012.08.24"]
[SourceVersion "1"]
[SourceVersionDate "2012.08.24"]
[SourceQuality "1"]

1. e4 c5 2. Nf3 e6 3. d3 Nc6 4. g3 d5 5. Qe2 Nf6 6. Bg2 Be7 7. e5 Nd7 8. 0-0 0-0 9. c4 Re8 10. Re1 a6 11. h4 b5 12. b3 f6 13. exf6 Bxf6 14. Bg5 Bb7 15. Nbd2 h6 16. Bxf6 Qxf6 17. Rad1 Nb4 18. Nf1 d4 19. a3 Nc6 20. N3d2 Na5 21. Bxb7 Nxb7 22. Ne4 Qf8 23. Nfd2 Re7 24. Kg2 e5 25. Rf1 Rf7 26. Kh2 Nd6 27. Nxd6 Qxd6 28. Rde1 Raf8 29. Ne4 Qg6 30. f3 Qe6 31. Rf2 g5 32. hxg5 hxg5 33. Kg2 Qg6 34. Rh1 Rh7 35. Rxh7 Kxh7 36. Rf1 Kg7 37. Rh1 Rh8 38. Rxh8 Kxh8 39. Qd2 g4 40. fxg4 Qxg4 41. Qh6+ Kg8 42. Qxa6 bxc4 43. bxc4 Kg7 44. Qd6 Kf7 45. a4 Ke8 46. Qxd7+ 1-0

[Event "SRB Central-ch op-B 5th"]
[Site "Paracin"]
[Date "2012.07.07"]
[Round "3"]
[White "Stefanov, Evtim"]
[Black "Jakovljevic, Dejan"]
[Result "1-0"]
[WhiteElo "1969"]
[BlackElo "1838"]
[PlyCount "36"]
[EventDate "2012.07.06"]
[EventType "swiss"]
[EventRounds "9"]
[EventCountry "SRB"]
[SourceTitle "CBM 149 Extra"]
[Source "ChessBase"]
[SourceDate "2012.08.24"]
[SourceVersion "1"]
[SourceVersionDate "2012.08.24"]
[SourceQuality "1"]

1. e4 e6 2. d4 d5 3. Nd2 Nf6 4. e5 Nfd7 5. f4 c5 6. c3 Nc6 7. Ndf3 Qb6 8. g3 cxd4 9. cxd4 Be7 10. Kf2 0-0 11. Kg2 Kh8 12. Nh3 f6 13. Nf2 fxe5 14. fxe5 Ndxe5 15. dxe5 Nxe5 16. Be2 Bc5 17. Rf1 Bxf2 18. Nxe5 Bc5 1-0

[Event "SRB Central-ch op-B 5th"]
[Site "Paracin"]
[Date "2012.07.06"]
[Round "1"]
[White "Stefanov, Evtim"]
[Black "Krejic, Nik"]
[Result "1-0"]
[WhiteElo "1969"]
[BlackElo "1488"]
[PlyCount "65"]
[EventDate "2012.07.06"]
[EventType "swiss"]
[EventRounds "9"]
[EventCountry "SRB"]
[SourceTitle "CBM 149 Extra"]
[Source "ChessBase"]
[SourceDate "2012.08.24"]
[SourceVersion "1"]
[SourceVersionDate "2012.08.24"]
[SourceQuality "1"]

1. e4 d5 2. exd5 Qxd5 3. d4 Nf6 4. Nf3 Bg4 5. Be2 c6 6. c4 Qd6 7. Nc3 Nbd7 8. 0-0 e6 9. Re1 Qc7 10. d5 Bc5 11. dxe6 Bxe6 12. Ng5 0-0 13. a3 Rfe8 14. h3 Rad8 15. b4 Bf8 16. Qb3 g6 17. Nxe6 Rxe6 18. Bg5 Bg7 19. c5 Rde8 20. Bh4 Ne5 21. Bg3 Qe7 22. f4 Ned7 23. Bc4 Re3 24. Bf2 Rxe1+ 25. Rxe1 Qf8 26. Rd1 Rd8 27. g4 Ne8 28. Ne4 Nef6 29. Nd6 Rb8 30. Nxf7 Ne8 31. Rxd7 Nf6 32. Nd8+ Kh8 33. Ne6 1-0

[Event "EU-Cup 27th"]
[Site "Rogaska Slatina"]
[Date "2011.09.30"]
[Round "6"]
[White "Shvyriaev, Artem"]
[Black "Stefanov, Evtim"]
[Result "0-1"]
[WhiteElo "2117"]
[BlackElo "1927"]
[PlyCount "98"]
[EventDate "2011.09.25"]
[EventType "team-swiss"]
[EventRounds "7"]
[EventCountry "SLO"]
[SourceTitle "CBM 145"]
[Source "ChessBase"]
[SourceDate "2011.11.11"]
[SourceVersion "1"]
[SourceVersionDate "2011.11.11"]
[SourceQuality "1"]
[WhiteTeam "Shtrafbat"]
[BlackTeam "Naiden Voinov"]
[WhiteTeamCountry "UKR"]
[BlackTeamCountry "BUL"]

1. e4 c5 2. Nc3 Nc6 3. g3 g6 4. Bg2 Bg7 5. d3 Rb8 6. Be3 d6 7. Qd2 b5 8. f4 b4 9. Nd1 Nd4 10. c3 bxc3 11. bxc3 Nc6 12. h3 Ba6 13. Ne2 e6 14. 0-0 Nge7 15. g4 f5 16. Ng3 0-0 17. exf5 exf5 18. gxf5 gxf5 19. Nh5 Bh8 20. Bxc6 Nxc6 21. Qg2+ Kf7 22. Qd5+ Kg6 23. Kh2 Kxh5 24. Rg1 Ne7 25. Qf3+ Kh6 26. Rg5 Qe8 27. Nf2 Bf6 28. Qg3 Ng6 29. Re1 Qd7 30. h4 Bxg5 31. Qxg5+ Kg7 32. h5 Qd8 33. hxg6 Qxg5 34. fxg5 hxg6 35. Bf4 Rb6 36. Re6 Rd8 37. Re7+ Kf8 38. Rxa7 Bb7 39. Kg3 Ke7 40. d4 cxd4 41. cxd4 Ra8 42. Rxa8 Bxa8 43. Nd1 Ra6 44. Nc3 Ra3 45. Bd2 Bd5 46. Kf4 Bxa2 47. Ke3 Bc4 48. Be1 Ke6 49. Kd2 f4 0-1

[Event "Bansko op"]
[Site "Bansko"]
[Date "2010.12.17"]
[Round "6"]
[White "Stefanov, Evtim"]
[Black "Aggelis, Nikolaos"]
[Result "0-1"]
[WhiteElo "1944"]
[BlackElo "2337"]
[PlyCount "80"]
[EventDate "2010.12.13"]
[EventType "swiss"]
[EventRounds "9"]
[EventCountry "BUL"]
[SourceTitle "CBM 139 Extra"]
[Source "ChessBase"]
[SourceDate "2011.01.05"]
[SourceVersion "1"]
[SourceVersionDate "2011.01.05"]
[SourceQuality "1"]

1. e4 e5 2. Nf3 Nc6 3. Bb5 a6 4. Ba4 Nf6 5. 0-0 Be7 6. Re1 b5 7. Bb3 0-0 8. a4 b4 9. d3 d6 10. Nbd2 Na5 11. Ba2 Be6 12. Bxe6 fxe6 13. Nf1 c5 14. Bd2 Rb8 15. Ne3 Nd7 16. c4 Nc6 17. Nf1 a5 18. b3 Qe8 19. Ng3 Qg6 20. Be3 Rf7 21. Qd2 Rbf8 22. Rf1 h6 23. Ne1 Bh4 24. Nh1 h5 25. g3 Nd4 26. Bxd4 cxd4 27. Ng2 Bg5 28. Qe2 Nc5 29. Rab1 Rf3 30. Ne1 R3f6 31. Kg2 h4 32. g4 h3+ 33. Kxh3 Qh7+ 34. Kg2 Rh6 35. Nf3 Rxf3 36. Qxf3 Rxh2+ 37. Kg1 Nxd3 38. Ng3 Qh3 39. Rbd1 Nf4 40. Rfe1 Rg2+ 0-1

[Event "Bansko op"]
[Site "Bansko"]
[Date "2010.12.13"]
[Round "1"]
[White "Savchenko, Boris"]
[Black "Stefanov, Evtim"]
[Result "1-0"]
[WhiteElo "2632"]
[BlackElo "1944"]
[PlyCount "45"]
[EventDate "2010.12.13"]
[EventType "swiss"]
[EventRounds "9"]
[EventCountry "BUL"]
[SourceTitle "CBM 139 Extra"]
[Source "ChessBase"]
[SourceDate "2011.01.05"]
[SourceVersion "1"]
[SourceVersionDate "2011.01.05"]
[SourceQuality "1"]

1. e4 c5 2. Nf3 e6 3. d4 cxd4 4. Nxd4 Nc6 5. Nc3 Qc7 6. g3 d6 7. Bg2 Bd7 8. Ndb5 Qb8 9. Bf4 Ne5 10. Qd4 a6 11. Nxd6+ Bxd6 12. 0-0-0 Nd3+ 13. Rxd3 Bxf4+ 14. Kb1 Bc7 15. Qxd7+ Kf8 16. e5 Bxe5 17. Rhd1 Nf6 18. Qxb7 Qxb7 19. Bxb7 Rb8 20. Bxa6 Nd5 21. Nxd5 Rxb2+ 22. Kc1 exd5 23. Rxd5 1-0

[Event "Belogradchik op"]
[Site "Belogradchik"]
[Date "2010.09.06"]
[Round "1"]
[White "Ivelinov, Hristo"]
[Black "Stefanov, Evtim"]
[Result "1-0"]
[WhiteElo "2228"]
[BlackElo "1925"]
[PlyCount "43"]
[EventDate "2010.09.06"]
[EventType "swiss"]
[EventRounds "5"]
[EventCountry "BUL"]
[SourceTitle "CBM 138 Extra"]
[Source "ChessBase"]
[SourceDate "2010.10.29"]
[SourceVersion "1"]
[SourceVersionDate "2010.10.29"]
[SourceQuality "1"]

1. d4 d5 2. c4 e5 3. dxe5 d4 4. Nf3 Nc6 5. g3 Nge7 6. Bg2 Ng6 7. Bg5 f6 8. exf6 gxf6 9. Bh4 Be6 10. Nbd2 Bb4 11. Rc1 Nce5 12. Nxe5 Nxh4 13. gxh4 fxe5 14. Qa4+ c6 15. Qxb4 Qc7 16. Qa3 Rg8 17. Bh3 Qd7 18. Ne4 Qe7 19. Qxe7+ Kxe7 20. Bxe6 Kxe6 21. f3 Rg7 22. Kf2 1-0